|
|
|
|
| LEADER |
01026nam a2200349 4500 |
| 001 |
DLU110117103 |
| 005 |
##20101221 |
| 040 |
# |
# |
|a DLU
|b eng
|
| 041 |
# |
# |
|a eng
|
| 044 |
# |
# |
|a uk
|
| 245 |
# |
# |
|a Sounds of male Lake Victoria cichlids vary within and between species and affect female mate preferences /
|c Machteld N. Verzijden ... [et al.].
|
| 653 |
# |
# |
|a Cichlid
|
| 653 |
# |
# |
|a Fish
|
| 653 |
# |
# |
|a Mate choice
|
| 653 |
# |
# |
|a Playback
|
| 653 |
# |
# |
|a Sound
|
| 700 |
# |
# |
|a Bouton, Niels.
|
| 700 |
# |
# |
|a Cate, Carel ten.
|
| 700 |
# |
# |
|a Heusden, Jasper van.
|
| 700 |
# |
# |
|a Slabbekoorn, Hans.
|
| 700 |
# |
# |
|a Verzijden, Machteld N.
|
| 700 |
# |
# |
|a Witte, Frans.
|
| 773 |
# |
# |
|t Behavioral ecology
|g Vol. 21, no. 3 (May-June 2010), p. 548-555
|
| 920 |
# |
# |
|a Phòng Tạp chí -- Trung tâm Thông tin - Thư viện Trường Đại học Đà Lạt
|
| 994 |
# |
# |
|a DLU
|
| 900 |
# |
# |
|a True
|
| 911 |
# |
# |
|a Trương Bảo Trâm Anh
|
| 925 |
# |
# |
|a G
|
| 926 |
# |
# |
|a A
|
| 927 |
# |
# |
|a BB
|
| 980 |
# |
# |
|a Thư viện Trường Đại học Đà Lạt
|